|
|
|
|
| LEADER |
00000 a2200000 4500 |
| 003 |
CL-VaPUC |
| 005 |
20241106152620.0 |
| 008 |
241104t2014 ||||| |||| 00| 0 eng d |
| 999 |
|
|
|c 445059
|d 445057
|
| 020 |
|
|
|a 978-3-86859-893-3
|
| 040 |
|
|
|c Pontificia Universidad Católica de Valparaíso
|
| 082 |
|
|
|2 22
|a 711.2 BRE 2014
|
| 100 |
|
|
|a Brenner, Neil
|e editor
|9 893107
|
| 245 |
|
|
|a Implosions / Explosions.
|b Towards a study of planetary urbanization.
|
| 260 |
|
|
|a Berlin, Germany:
|b Jovis,
|c 2014.
|
| 300 |
|
|
|a 573 páginas:
|b ilustraciones.
|
| 583 |
|
|
|k Yessy Díaz Vidal
|c 20241104
|
| 650 |
|
0 |
|9 265706
|a Urbanización
|v Aspectos teóricos
|z Asia, Suiza, etc.
|
| 650 |
|
0 |
|9 255208
|a Urbanismo
|x Teoría urbana
|v Aspectos políticos y económicos
|
| 650 |
|
0 |
|9 265474
|a Ciudades
|x Construcciones
|z Siglo 21
|
| 942 |
|
|
|2 ddc
|c BK
|
| 952 |
|
|
|0 0
|1 0
|2 ddc
|4 0
|6 711_200000000000000_BRE_2014
|7 0
|8 A
|9 597725
|a BIBARQ
|b BIBARQ
|d 2024-11-04
|e 3
|g 85503.97
|i 5663107
|l 1
|o 711.2 BRE 2014
|p 5663107
|r 2025-03-13
|s 2025-03-13
|t 1
|v 85503.97
|w 2024-11-04
|y BK
|k MAD
|